| 000 | 00784nam a22001577a 4500 | ||
|---|---|---|---|
| 003 | OSt | ||
| 005 | 20151204100008.0 | ||
| 008 | 151204b xxu||||| |||| 00| 0 eng d | ||
| 040 | _cRUA | ||
| 082 | _aFIS DIN 2006 B179 Or.1 | ||
| 100 |
_94251 _aDIN KIMSREAN; ឌីន គឹមស្រ៊ាន |
||
| 245 | _aBiological and technical aspects of pinus merkusii for christmas tree plantion in cambodia, សិក្សាលើទិដ្ឋភាពជីវសាស្រ្ត និងបច្ចេកទេសដាំដើមស្រល់ស្លឹកពីរជាចំការធ្វើជា ដើមគ្រិស្គម៉ាស់ នៅកម្ពុជា. | ||
| 260 |
_aPhnom Penh _bRUA _c2006 |
||
| 300 |
_axii; 52p. _bill. _c29cm. |
||
| 942 |
_2ddc _cFIS |
||
| 999 |
_c3966 _d3966 |
||